A History of Interior Design /

Guardado en:
Detalles Bibliográficos
Autores principales: Pile, John (Autor), Gura, Judith (Autor)
Formato: Libro
Lenguaje:inglés
Publicado: London : Laurence King Publishing, 2013
Edición:4. vydanie
Materias:
Etiquetas: Agregar Etiqueta
Sin Etiquetas, Sea el primero en etiquetar este registro!

MARC

LEADER 00000nam a22000003a 4500
001 0013704
005 20190405155222.7
008 130430s2009------------------------eng-d
020 |a 978-1-78067-291-5 
040 |a STU  |b slo 
041 0 |a eng 
044 |a xxk 
100 1 |a Pile, John  |4 aut 
245 1 |a A History of Interior Design /  |c aut. John Pile, Judith Gura 
250 |a 4. vydanie 
260 |a London :  |b Laurence King Publishing,  |c 2013 
300 |a 496 s. 
650 7 |a interiér  |2 stusub  |7 unknown*stus10241 
650 7 |a slohy architektonické v interiéri  |2 stusub  |7 unknown*stus46306 
650 7 |a história interiéru  |2 stusub  |7 unknown*stus46307 
650 7 |a interior design  |2 estusub  |7 unknown*stus46308 
700 1 |a Gura, Judith  |4 aut 
996 |b 284AU06645  |c A* 9701/U  |l AAKNAR  |s A  |a 24  |w 0013704_0001 
996 |b 284AU07836  |c A* 11095/U  |l AAKNAR  |s A  |a 24  |w 0013704_0002